00794nam a22002177a 450000500170000001000150001702000260003203500140005803700090007208200130008110000250009424500880011925000060020726000420021327000620025530000210031770000580033894200240039699900190042095201370043920260408114455.0 aENG-148007 a9788199546189c799.00 aEN-131539 bDBAD 21a346.5 aTelang; Amita988824 aMastering Operating Systems: The Complete Guide for Mordern ComputingcAmita Telang a1 aChhattisgarhbAditi Publicationc2026 aNear, Tiranga Chowk, Kushalpur, RaipurbIndiak9425210308 a177.pgc20cm(pb) aAmita Telang, Akansha Dubey, Deepshikha Sharma988825 2ddccENh346.5mTEL c215815d215815 00102ddc40718NFICaDBADbDBADd2026-04-08eDBADg799.00l0o346.5 TELpEN-131539r2026-04-08 11:26:59t1v799.00w2026-04-08yEN